| 000 | 00000nam##2200000za#4500 |
| 001 | 9.638323 |
| 003 | CaOODSP |
| 005 | 20220901164756 |
| 007 | cr ||||||||||| |
| 008 | 150407|2006||||xxc|||||o f|0| 0 fre|d |
| 040 | |aCaOODSP|bfre |
| 043 | |an-cn--- |
| 086 | 1 |aJ4-12/2006F-PDF |
| 110 | 1 |aCanada.|bJustice Canada. |
| 245 | 10|aProfil des contrevenants et récidive chez les auteurs d'actes de violence conjugale en Ontario / |h[ressource électronique]|c[par] Nathalie Quann. |
| 260 | |aOttawa - Ontario : |bJustice Canada |cMai 2006. |
| 300 | |a57p.|btableaux |
| 504 | |aBibliographie. |
| 590 | |a11-02-Supp|b2011-01-27 |
| 691 | 07|aSystème judiciaire|2gcpds |
| 691 | 07|aViolence familiale|2gcpds |
| 720 | 1 |aQuann, Nathalie |
| 775 | 08|tOffender profile and recidivism among domestic violence offenders in Ontario / |w(CaOODSP)9.694142 |
| 856 | 40|ahttp://publications.gc.ca|qPDF|s663 Ko|uhttps://publications.gc.ca/collections/collection_2010/justice/J4-12-2006-fra.pdf |
| 986 | |arr06-fv3f |